| 000 | 00442nam a2200181Ia 4500 | ||
|---|---|---|---|
| 001 | 20500 | ||
| 005 | 20260306172810.0 | ||
| 008 | 260306t2013||||xx |||||||||||||| ||spa|| | ||
| 041 | _aESP | ||
| 082 |
_a343.3321 _bP72 |
||
| 100 |
_aPoder Judicial del Perú _eAUT |
||
| 245 | 0 | _aDiscurso de orden por el día del juez | |
| 260 | _c2013 | ||
| 300 |
_a69 páginas : _c19 cm. |
||
| 650 | _aGEN | ||
| 654 | _aCDE | ||
| 942 |
_cLIB _dJUS _fJUS _2ddc _n |
||
| 999 |
_c20500 _d20500 |
||